000 01661nam a22003257a 4500
003 DO-SdBNP
005 20240115112132.0
008 210426b2018 dr 00| 0 spa d
020 _a9789945 178562
040 _aBPMSU
_bspa
_cBPMSU
082 4 _aRD863.5
_bV476r 2021
_222
092 _a
100 1 _aVeras, Cledenin
_d
245 1 3 _aEl regreso de Ashly /
_c Cledenin Veras ; ilustración: Reison Vásquez ; investigación: Laura V. Sánchez-Vincitore : coordinación pedagógica: Cledenin Veras
260 _aSanto Domingo:
_bAgencia de los Estados Unidos para el Desarrollo Internacional (USAID) ;
_bUniversidad Iberoamericana (UNIBE),
_c2021
300 _a39 p. :
_bils. ;
_c21 cm.
490 0 _aLa liga de la esperanza,
_v12
500 _aTipologías textuales: Narraciones literaria ; diálogo ; exposición
_3
520 _aUn virus llega a Villa Esperanza. Varias personas se enferman, entre ellas doña Yoli, abuela de la profesora Cándida y antigua directora de la Escuela Mamá Tingó. Algunos habitantes son indiferentes a la situación y otros se asustan. Los miembros de la Liga de la Esperanza junto con otros vecinos presentan una obra de teatro para educar sobre el virus, sus síntomas y la manera de combatirlo.
590 _aInventariado, 2024/VM
650 4 _aCuentos juveniles dominicanos
650 4 _aNiñas
_vCuentos
650 4 _aAventuras
_vCuentos
650 4 _aLiteratura juvenil dominicana
700 1 _3Sánchez-Vincitore, Laura V.
_einvestigadora
700 1 _3Veras, Cledenin
_einvestigador pedagógico
700 1 _aWi, Hen Fung
_eilustraciones
910 _aVMateo V. Control de calidad. BPMSU
942 _2ddc
_cBK
999 _c14524
_d14524